Selena Gomez - Chansons de l'album I Said I Love You First - Statistiques

Statistiques générales
  • Ce quiz a été pris 5 fois
  • Le résultat moyen est 10 sur 14
Statistiques - réponses
Hint Réponse % Correct
I Said I Love You First2 9 How Does It Feel to Be Forgotten?
100%
I Said I Love You First2 8 Bluest Flame
75%
I Said I Love You First 3 Call Me When You Break Up (feat. Gracie Abrams)
75%
I Said I Love You First 7 Cowboy
75%
I Said I Love You First2 13 Don't Take It Personally
75%
I Said I Love You First2 12 I Can't Get Enough (feat. Tainy & J Balvin)
75%
I Said I Love You First 1 I Said I Love You First
75%
I Said I Love You First 4 Ojos Tristes
75%
I Said I Love You First 6 Sunset Blvd
75%
I Said I Love You First 2 Younger And Hotter Than Me
75%
I Said I Love You First 5 Don't Wanna Cry
50%
I Said I Love You First2 10 Do You Wanna Be Perfect?
50%
I Said I Love You First2 14 Scared of Loving You
50%
I Said I Love You First2 11 You Said You Were Sorry
50%
Aucun quiz correspondant
Distribution des résultats
% des personnes avec chaque résultat
Percentile par nombre de réponses
Votre historique - résultats
Vous n’avez pas pris ce quiz